50 najludniejszych państw świata - Statystyki

Ogólne statystyki
  • Ten quiz został rozwiązany 388 razy
  • Średni wynik to 38 z 50
Statystyki odpowiedzi
Liczba ludności Państwo % Poprawnych
1 410 539 758 Chiny
98%
1 411 415 000 Indie
97%
337 341 954 Stany Zjednoczone
96%
38 014 000 Polska
95%
142 021 981 Rosja
95%
217 240 060 Brazylia
94%
84 316 622 Niemcy
91%
68 305 148 Francja
90%
47 163 418 Hiszpania
89%
129 150 971 Meksyk
89%
124 214 766 Japonia
88%
67 791 400 Wielka Brytania
88%
107 770 524 Egipt
87%
46 245 668 Argentyna
86%
38 232 593 Kanada
86%
242 923 845 Pakistan
86%
61 095 551 Włochy
86%
225 082 083 Nigeria
85%
43 528 136 Ukraina
85%
277 329 163 Indonezja
84%
83 047 706 Turcja
84%
57 516 665 Republika Południowej Afryki
83%
86 758 304 Iran
82%
108 407 721 Demokratyczna Republika Konga
80%
69 648 117 Tajlandia
80%
44 178 884 Algieria
77%
49 059 221 Kolumbia
77%
51 844 834 Korea Południowa
77%
35 354 380 Arabia Saudyjska
76%
40 462 701 Irak
76%
165 650 475 Bangladesz
75%
103 808 319 Wietnam
75%
55 864 655 Kenia
73%
113 656 596 Etiopia
72%
47 958 856 Sudan
72%
32 275 736 Peru
71%
114 597 229 Filipiny
70%
36 738 229 Maroko
70%
38 346 720 Afganistan
69%
29 789 730 Wenezuela
69%
63 852 892 Tanzania
61%
33 871 431 Malezja
59%
34 795 287 Angola
58%
57 526 449 Mjanma
55%
31 693 239 Mozambik
50%
30 984 689 Jemen
49%
46 205 893 Uganda
47%
31 104 937 Uzbekistan
44%
33 107 275 Ghana
43%
30 666 598 Nepal
37%
Nie znaleziono quizów pasujących do podanych kryteriów
Rozkład punktacji
Procent ludzi z każdym wynikiem
Percentyl według liczby udzielonych odpowiedzi
Twoja historia wyników
Nie rozwiązałeś tego quizu